01330nam a2200193 a 450000100100000000500170001000800410002702000180006804000250008608200150011110000160012624500870014226000380022930000280026750000600029550000740035550400320042950506750046100004648820201002052916.0150819s2015 dr a 000 0 spa d a9789945588354 aDO-SdBNPbspacBNPHU axxxxbxxxx1 aBruni, Nina10aRuptura y viraje :bla narrativa de Marcio Veloz Maggiolo 1960-1975 /cNina Bruni. aSanto Domingo :bNacional,c2015. a466 p. :bil. ;c23 cm. aIncluye datos biográficos de la autora en las solapas aIncluye referencias bibliográficas y notas al pie de las páginas. aBibliografía : p. 409-4490 aCapítulo 1tLa narrativa de Marcio Veloz Maggiolo y su rol en la construcción de la crítica literaria en la República Dominicana --gCapítulo 2tJudas, El buen ladrón y otros textos bíblicos (1962): la novela bíblica en la alborada de la renovación narrativa --gCapítulo 3tNosotros, los suicidas (1965) y la vida no tiene nombre (1965): novela experimental y vanguardia narrativa --tAfirmación de la narrativa de vanguardia --gCapítulo 4tLos ángeles de hueso (1967): prosa lírica experimental rumbo a la nueva novela --tExperimentacíon narrativa, existencialismo y fenomenología --tExistencialismo, ritmo de la prosa y violencia --